000 00650nam a22001937a 4500
999 _c182206
_d182206
005 20211110152233.0
010 _aB-741841
020 _a9788183507660
_c405.00
035 _aB-741841
037 _bSultan Chand /Gift
082 _a657.3
100 _aGrewal, T.S.
245 _aTextbook for CBSE class XII analysis of financial statements /
_cby T.S. Grewal
260 _aNew Delhi
_bSultan Chand
_c2018
270 _a4859/24, Daryaganj,
_bNew Delhi
_e110002
300 _avp.:
_bill.
_c24cm(pbk)
942 _2ddc
_cEN
_mGRE
_h657.3